00657nam a2200205 a 450000100060000000300090000600800410001501500210005602000180007704000280009508200160012310000320013924500650017125000120023626000340024830000310028249000400031350400270035365000710038024841CO-ViMGA141112s2004 ck r 000 u spa d ack - 2010 - xxxx a9789580229537 aCO-ViMGAbspacCO-ViMGA04aI720.7 M86a1 aMunar Ladino, John Álvaro10aArquitectura natural y humana / cJohn Álvaro Munar Ladino a1a. ed. aBogotá : bVoluntad, c2010 a96 p. : il., fot. ; 24 cm. aPlan lector voluntad. Matemáticas aBibliografía : p. 9614aArquitectura - Historia - Enseñanza secundaria - Libros de texto